00230nam a2200097Ia 4500008004100000082001500041100002200056245002100078260001800099600001500117241002s9999 xx 000 0 und d a890.21 HAB aHabib, Rahimtoola 0aWinds of Passion aLahore:c1966 aLiterature